000
00312nam a22001337a 4500
999
_c
532486
_d
532486
003
NUST
020
_a
9787119112664
_q
H/B.
038
_a
waseem
082
_a
739
_b
JEW
245
_a
The Jewels in China's Crown /
260
_a
Beijing :
_b
Foreign Languages press,
_c
2018.
300
_a
141 p. ;
942
_2
ddc
_c
BK